| 000 | 00470nam a22001817a 4500 | ||
|---|---|---|---|
| 999 |
_c532974 _d532974 |
||
| 003 | NUST | ||
| 005 | 20191209131350.0 | ||
| 008 | 191209b ||||| |||| 00| 0 eng d | ||
| 020 | _a9814289655 | ||
| 024 | _a9789814289658 | ||
| 038 | _aMSOHAIL | ||
| 082 | _a519.3 MCC | ||
| 100 |
_aRoger McCain _926620 |
||
| 245 |
_aGame Theory: _bA Nontechnical Introduction to the Analysis of Strategy |
||
| 260 |
_aUSA _bThomson _cc 2004 |
||
| 300 | _a391;p; | ||
| 942 |
_2ddc _cBK |
||